Jugosławia: Stolice i Wyznania - Statystyki

Ogólne statystyki
  • Ten quiz został rozwiązany 202 razy
  • Średni wynik to 6 z 7
Statystyki odpowiedzi
Kraj/Stolica/Wyznanie % Poprawnych
Serbia/Belgrad/Prawosławie
98%
Chorwacja/Zagrzeb/Katolicyzm
96%
Słowenia/Lublana/Katolicyzm
90%
Kosowo/Prisztina/Islam
89%
Bośnia i Hercegowina/Sarajewo/Islam
88%
Czarnogóra/Podgorica/Prawosławie
88%
Macedonia/Skopje/Islam
82%
Nie znaleziono quizów pasujących do podanych kryteriów
Rozkład punktacji
Procent ludzi z każdym wynikiem
Percentyl według liczby udzielonych odpowiedzi
Twoja historia wyników
Nie rozwiązałeś tego quizu